Clinical laboratory chemistry / (رقم التسجيلة. 23174)

تفاصيل مارك
000 -الفاتح
حقل البيانات ثابتة الطول 01993cam a22004094a 4500
001 - رقم الضبط
رقم الضبط 16198082
003 - محدد رقم الضبط
رقم الضبط OSt
005 - وقت وتاريخ اخر تعامل مع التسجيلة
رقم الضبط 20150408114034.0
008 - عناصر البيانات ثابتة الطول - معلومات عامة
حقل البيانات ثابتة الطول 100420s2011 maua b 001 0 eng
010 ## - رقم ضبط مكتبة الكونجرس
رقم ضبط مكتبة الكونجرس 2010014917
016 7# - رقم ضبط الوكاله الوطنية للضبط الببليوجرافي
رقم ضبط التسجيلة 101529182
المصدر DNLM
020 ## - الرقم الدولى المعيارى للكتب
الرقم الدولى المعيارى للكتاب 9780131721715 (alk. paper)
020 ## - الرقم الدولى المعيارى للكتب
الرقم الدولى المعيارى للكتاب 0131721712 (alk. paper)
035 ## - رقم ضبط النظام
رقم ضبط النظام (OCoLC)ocn608618260
040 ## - مصدر الفهرسة
وكالة الفهرسة الأصلية DNLM/DLC
وكالة النسخ DLC
وكالة التعديل YDX
-- NLM
-- YDXCP
-- DLC
042 ## - رمز التحقق
رمز التحقق pcc
050 00 - رقم طلب مكتبة الكونجرس
رقم التصنيف RB40
رقم المادة .S85 2011
060 00 - رقم الطلب بالمكتبة الطبية الوطنية
رقم التصنيف 2010 J-078
060 10 - رقم الطلب بالمكتبة الطبية الوطنية
رقم التصنيف QY 90
رقم المادة S958c 2011
082 00 - رقم تصنيف ديوى العشرى
رقم التصنيف 616.0756
رقم الطبعة 22
100 1# - المدخل الرئيسى - إسم شخصى
الإسم الشخصى Sunheimer, Robert L.
9 (RLIN) 13864
245 10 - بيان العنوان
العنوان Clinical laboratory chemistry /
بيان المسئوليه,etc Robert L. Sunheimer, Linda Graves.
260 ## - PUBLICATION, DISTRIBUTION, ETC. (IMPRINT)
مكان الناشر او الموزع Boston :
اسم الناشر او الموزع Pearson,
تاريخ النشر أو التوزيع c2011.
300 ## - الوصف المادى
التعداد xii, 557, [117] p. :
تفاصيل ماديه اخرى للوعاء col. ill. ;
أبعاد الوعاء 29 cm.
490 1# - بيان السلسلة
عنوان السلسلة Pearson clinical laboratory science series
504 ## - تبصرة ببليوجرافية
تبصرة ببليوجرافية,الخ Includes bibliographical references and index.
505 0# - تبصرة محتويات-الفهرس
تبصرة المحتويات المصاغة Laboratory basics -- Instrumentation -- Laboratory automation -- Laboratory operations -- Immunoassays -- Carbohydrates -- Lipids, lipoproteins, and cardiovascular disease -- Amino acids and proteins -- Enzymes -- Tumor markers -- Nonprotein nitrogen and renal function -- Body water and electrolyte homeostasis -- Blood gases, pH, and acid-base balance -- Mineral and bone metabolism -- The endocrine system -- Gastrointestinal function -- Pancreas -- Cardiac function -- Liver function -- Iron, porphyrins, and hemoglobin -- Therapeutic drug monitoring (TDM) -- Toxicology -- Trace elements -- Vitamins -- Molecular diagnostics.
650 #0 - المدخل الاضافى بالموضوع-مصطلح موضوعى
مصطلح موضوعي أو اسم جغرافي كعنصر مدخل Clinical chemistry.
9 (RLIN) 13865
650 12 - المدخل الاضافى بالموضوع-مصطلح موضوعى
مصطلح موضوعي أو اسم جغرافي كعنصر مدخل Chemistry Techniques, Analytical.
9 (RLIN) 13866
650 12 - المدخل الاضافى بالموضوع-مصطلح موضوعى
مصطلح موضوعي أو اسم جغرافي كعنصر مدخل Chemistry, Clinical
التقسيم الفرعي العام methods.
9 (RLIN) 13867
650 22 - المدخل الاضافى بالموضوع-مصطلح موضوعى
مصطلح موضوعي أو اسم جغرافي كعنصر مدخل Clinical Chemistry Tests.
9 (RLIN) 13868
650 22 - المدخل الاضافى بالموضوع-مصطلح موضوعى
مصطلح موضوعي أو اسم جغرافي كعنصر مدخل Clinical Laboratory Techniques.
9 (RLIN) 6026
700 1# - المدخل الاضافى - اسم شخصى
الإسم الشخصى Graves, Linda.
9 (RLIN) 13869
830 #0 - المدخل الاضافى بالسلسلة -عنوان موحد
عنوان موحد Pearson clinical laboratory science series.
9 (RLIN) 11030
942 ## - عناصر المدخل الإضافي( كوها)
مصدر التصنيف او مخطط الترفيف Dewey Decimal Classification
Koha [default] item type كتاب
المقتنيات
حالة الفقد نموذج السعر الفعال حالة تلف ليس للاعارة رقم الطلب تاريخ الاكتساب الموقع الحالي الباركود الفرع الرئيسي Date last seen نوع المادة فى نظام كوها مصدر التصنيف او خطة الترفيف Total Checkouts Total Renewals Date last checked out مُعار
  2013-03-10     616.0756 S R C 2012-05-13 مكتبة كلية العلوم الطبية التطبيقية بالمجمعة - طالبات (AMF) 00087947 مكتبة كلية العلوم الطبية التطبيقية بالمجمعة - طالبات (AMF) 2013-03-10 كتاب Dewey Decimal Classification        
  2013-03-10     616.0756 S R C 2012-05-13 مكتبة كلية العلوم الطبية التطبيقية بالمجمعة - طالبات (AMF) 00087944 مكتبة كلية العلوم الطبية التطبيقية بالمجمعة - طالبات (AMF) 2013-03-10 كتاب Dewey Decimal Classification        
  2013-03-10     616.0756 S R C 2012-05-13 مكتبة كلية العلوم الطبية التطبيقية بالمجمعة - طالبات (AMF) 00087945 مكتبة كلية العلوم الطبية التطبيقية بالمجمعة - طالبات (AMF) 2023-01-10 كتاب Dewey Decimal Classification 1 1 2023-01-10 2025-01-16
  2013-03-10     616.0756 S R C 2012-05-13 مكتبة كلية العلوم الطبية التطبيقية بالمجمعة - طالبات (AMF) 00087946 مكتبة كلية العلوم الطبية التطبيقية بالمجمعة - طالبات (AMF) 2013-03-10 كتاب Dewey Decimal Classification        
  2013-03-10     616.0756 S R C 2012-06-01 مكتبة مجمع الكليات بالزلفى - طلاب (SZM) 00087871 مكتبة مجمع الكليات بالزلفى - طلاب (SZM) 2013-06-10 كتاب Dewey Decimal Classification 2 2 2012-12-23  
  2013-03-10     616.0756 S R C 2012-06-01 مكتبة مجمع الكليات بالزلفى - طلاب (SZM) 00087872 مكتبة مجمع الكليات بالزلفى - طلاب (SZM) 2013-03-10 كتاب Dewey Decimal Classification